|
|
|
|
| LEADER |
00000nam2a2200000 4500 |
| 001 |
75072 |
| 005 |
20231101212808.0 |
| 010 |
|
|
|a 5983710214
|
| 035 |
|
|
|a (RuTPU)RU\TPU\book\80050
|
| 090 |
|
|
|a 75072
|
| 100 |
|
|
|a 20050317d2004 km y0rusy50 ca
|
| 101 |
0 |
|
|a rus
|
| 102 |
|
|
|a RU
|
| 105 |
|
|
|a a g 001zy
|
| 200 |
0 |
|
|a Ч. 1
|f под ред. Г. М. Островского
|
| 210 |
|
|
|d 2004
|
| 215 |
|
|
|a 841 с.
|c ил.
|
| 320 |
|
|
|a Библиография в конце разделов.
|
| 461 |
|
1 |
|0 (RuTPU)RU\TPU\book\114717
|t Новый справочник химика и технолога. Процессы и аппараты химических технологий
|o в 2 ч.
|v Ч. 1
|d 2004-2006
|s Профессионал
|
| 606 |
1 |
|
|a Химическая технология
|x Общие вопросы
|2 stltpush
|3 (RuTPU)RU\TPU\subj\68259
|9 83693
|
| 610 |
1 |
|
|a процессы
|
| 610 |
1 |
|
|a аппараты
|
| 610 |
1 |
|
|a сплошные среды
|
| 610 |
1 |
|
|a прикладная механика
|
| 610 |
1 |
|
|a неоднородные среды
|
| 610 |
1 |
|
|a теплообменные процессы
|
| 610 |
1 |
|
|a массоперенос
|
| 610 |
1 |
|
|a теплообменная аппаратура
|
| 610 |
1 |
|
|a насосы
|
| 610 |
1 |
|
|a конвейерный транспорт
|
| 610 |
1 |
|
|a пневматический транспорт
|
| 610 |
1 |
|
|a пленочные аппараты
|
| 610 |
1 |
|
|a аппараты для перемешивания
|
| 610 |
1 |
|
|a гидравлический транспорт
|
| 610 |
1 |
|
|a барботажные аппараты
|
| 610 |
1 |
|
|a контактные аппараты
|
| 610 |
1 |
|
|a математическое моделирование
|
| 610 |
1 |
|
|a диспергирование
|
| 610 |
1 |
|
|a справочники
|
| 675 |
|
|
|a 66(035)
|v 3
|
| 702 |
|
1 |
|a Островский
|b Г. М.
|g Георгий Максимович
|4 340
|
| 801 |
|
1 |
|a RU
|b 63413507
|c 20050317
|g PSBO
|
| 801 |
|
2 |
|a RU
|b 63413507
|c 20141124
|g PSBO
|
| 942 |
|
|
|c BK
|